000
00299nam a22001217a 4500
008
260225b ||||| |||| 00| 0 eng d
041
_a
Shqip
080
_a
2.1
100
_a
20.1
101
_a
gaz
245
_a
Gazetaria investigative , Mjetet Ligjore dhe Etike
_c
Mentor Nazarko
942
_2
udc
_c
BK
999
_c
60857
_d
60857